[Event "SA-2020-0-00722"]
[Site "LSS email"]
[Date "2020.04.29"]
[Round "?"]
[White "Hoehne, Volkmar"]
[Black "Van Gysel, Marc"]
[Result "0-1"]
[WhiteElo "2030"]
[BlackElo "2061"]
[PlyCount "80"]
[EventDate "2020.03.26"]
[EventType "tourn (corr)"]
[EventRounds "6"]
[EventCountry "GER"]
[SourceTitle "Corr 2022"]
[Source "ChessBase"]
[SourceDate "2021.10.24"]
[SourceVersion "1"]
[SourceVersionDate "2021.10.24"]
[SourceQuality "1"]

1. e4 c5 2. Nf3 Nc6 3. d4 cxd4 4. Nxd4 Nf6 5. Nc3 d6 6. Be2 g6 7. Be3 Bg7 8. f3 0-0 9. Qd2 d5 10. Nxc6 bxc6 11. 0-0-0 Qc7 12. Bh6 d4 13. Bxg7 dxc3 14. Qh6 Rd8 15. Rxd8+ Qxd8 16. Rd1 Qb6 17. b3 Be6 18. Rd3 Qf2 19. Bd1 a5 20. Bxf6 exf6 21. Rxc3 Rd8 22. Qe3 Qxg2 23. Qe2 Qg5+ 24. Qe3 Qh4 25. Rxc6 Qxh2 26. Be2 a4 27. bxa4 h5 28. f4 h4 29. Rc3 Kg7 30. Bf3 Rb8 31. e5 f5 32. Ra3 h3 33. a5 g5 34. a6 Rc8 35. Bd1 g4 36. a7 Qg2 37. a8Q Rxa8 38. Rxa8 Qxa8 39. Qg3 Qxa2 40. Be2 Qa8 0-1

[Event "SA-2020-0-00722"]
[Site "LSS email"]
[Date "2020.04.27"]
[Round "?"]
[White "Llorente Alvarez, Jose Luis"]
[Black "Van Gysel, Marc"]
[Result "1/2-1/2"]
[WhiteElo "2136"]
[BlackElo "2061"]
[PlyCount "54"]
[EventDate "2020.03.26"]
[EventType "tourn (corr)"]
[EventRounds "6"]
[EventCountry "GER"]
[SourceTitle "Corr 2022"]
[Source "ChessBase"]
[SourceDate "2021.10.24"]
[SourceVersion "1"]
[SourceVersionDate "2021.10.24"]
[SourceQuality "1"]

1. e4 c5 2. Nf3 Nc6 3. d4 cxd4 4. Nxd4 Nf6 5. Nc3 d6 6. Bg5 e6 7. Qd2 a6 8. 0-0-0 Be7 9. f4 Bd7 10. Nf3 b5 11. Bxf6 gxf6 12. f5 Qb6 13. Kb1 0-0-0 14. g3 Kb8 15. fxe6 fxe6 16. Bh3 Na5 17. Nd4 b4 18. Nce2 e5 19. Bxd7 Rxd7 20. Nf5 Nc4 21. Qd3 Rc8 22. Nc1 a5 23. Qe2 Bf8 24. Rd5 a4 25. Rf1 Rdc7 26. Qd3 h5 27. Re1 Ka7 1/2-1/2

[Event "LSS No Engine Cup 167 Final"]
[Site "LSS email"]
[Date "2017.11.13"]
[Round "?"]
[White "Van Gysel, Marc"]
[Black "Eide, John Henning"]
[Result "1/2-1/2"]
[WhiteElo "1986"]
[BlackElo "2139"]
[PlyCount "84"]
[EventDate "2017.11.14"]
[EventType "tourn (corr)"]
[EventRounds "6"]
[EventCountry "GER"]
[SourceTitle "Corr 2022"]
[Source "ChessBase"]
[SourceDate "2021.10.24"]
[SourceVersion "1"]
[SourceVersionDate "2021.10.24"]
[SourceQuality "1"]

1. d4 Nf6 2. c4 c6 3. Nc3 d5 4. Nf3 e6 5. Bg5 Be7 6. e3 0-0 7. Bd3 h6 8. Bh4 dxc4 9. Bxc4 Nbd7 10. 0-0 b5 11. Be2 b4 12. Na4 Bb7 13. Qc2 g5 14. Bg3 c5 15. dxc5 Rc8 16. Rfd1 Qa5 17. a3 Nxc5 18. Nxc5 Bxc5 19. axb4 Qxb4 20. Be5 Bxe3 21. Qa4 Bxf2+ 22. Kf1 Qxa4 23. Rxa4 Ne4 24. Rxe4 Bxe4 25. Kxf2 Rfd8 26. Ra1 Bd3 27. Bc3 Bxe2 28. Kxe2 Rd7 29. Ra4 Kh7 30. g3 Rcc7 31. h4 gxh4 32. Rxh4 Rd5 33. Kf2 Rb5 34. Ke3 h5 35. Ra4 Kh6 36. Ke4 Kg6 37. Ra6 Rc4+ 38. Bd4 Rc7 39. Kf4 Rf5+ 40. Ke3 Rb5 41. Bc3 Rbc5 42. Be5 Rb7 1/2-1/2

[Event "SB-2017-0-00511"]
[Site "LSS email"]
[Date "2017.09.16"]
[Round "?"]
[White "Csernus, Robert"]
[Black "Van Gysel, Marc"]
[Result "1/2-1/2"]
[WhiteElo "1918"]
[BlackElo "2046"]
[PlyCount "51"]
[EventDate "2017.08.11"]
[EventType "tourn (corr)"]
[EventRounds "6"]
[EventCountry "GER"]
[SourceTitle "Corr 2022"]
[Source "ChessBase"]
[SourceDate "2021.10.24"]
[SourceVersion "1"]
[SourceVersionDate "2021.10.24"]
[SourceQuality "1"]

1. Nf3 d5 2. g3 Nf6 3. Bg2 c6 4. 0-0 Bg4 5. c4 e6 6. b3 Nbd7 7. Bb2 Bd6 8. d4 0-0 9. Ne5 Bh5 10. Nd2 Qe7 11. Re1 Ba3 12. Qc1 Bxb2 13. Qxb2 Nxe5 14. dxe5 Nd7 15. f4 f6 16. exf6 Nxf6 17. Qd4 Rfd8 18. Nf3 a5 19. Ne5 a4 20. e3 Nd7 21. b4 dxc4 22. Nxc4 Qxb4 23. Nd6 Qxd4 24. exd4 Nf6 25. Nxb7 Rxd4 26. Rxe6 1/2-1/2

[Event "SA-2017-0-00592"]
[Site "LSS email"]
[Date "2017.08.11"]
[Round "?"]
[White "Posada, Charlie"]
[Black "Van Gysel, Marc"]
[Result "1/2-1/2"]
[WhiteElo "2114"]
[BlackElo "2061"]
[PlyCount "82"]
[EventDate "2017.07.22"]
[EventType "tourn (corr)"]
[EventRounds "6"]
[EventCountry "GER"]
[SourceTitle "Corr 2022"]
[Source "ChessBase"]
[SourceDate "2021.10.24"]
[SourceVersion "1"]
[SourceVersionDate "2021.10.24"]
[SourceQuality "1"]

1. e4 c5 2. Nf3 Nc6 3. d4 cxd4 4. Nxd4 Nf6 5. Nc3 d6 6. Bg5 e6 7. Qd2 Be7 8. 0-0-0 0-0 9. h4 Qb6 10. Be3 Ng4 11. Nf5 Nxe3 12. Nxe7+ Nxe7 13. Qxe3 Qxe3+ 14. fxe3 Rd8 15. Nb5 d5 16. exd5 exd5 17. Be2 Be6 18. g4 Rd7 19. Nd4 Nc6 20. g5 Re7 21. Rhe1 a6 22. Bf3 Ne5 23. Bh1 Bg4 24. Rd2 Rd8 25. b3 g6 26. Rg1 h6 27. a4 Bh5 28. c3 Bg4 29. Kc2 Kg7 30. e4 dxe4 31. Ne6+ Bxe6 32. Rxd8 Bf5 33. Kd1 e3 34. Ke2 Bg4+ 35. Ke1 Rc7 36. gxh6+ Kxh6 37. c4 f5 38. Rd5 Nc6 39. Rc5 Re7 40. Bxc6 bxc6 41. Rxc6 Rb7 1/2-1/2

[Event "SA-2017-0-00592"]
[Site "LSS email"]
[Date "2017.08.08"]
[Round "?"]
[White "Dehaybe, Andre"]
[Black "Van Gysel, Marc"]
[Result "1/2-1/2"]
[WhiteElo "2215"]
[BlackElo "2061"]
[PlyCount "75"]
[EventDate "2017.07.22"]
[EventType "tourn (corr)"]
[EventRounds "6"]
[EventCountry "GER"]
[SourceTitle "Corr 2022"]
[Source "ChessBase"]
[SourceDate "2021.10.24"]
[SourceVersion "1"]
[SourceVersionDate "2021.10.24"]
[SourceQuality "1"]

1. d4 Nf6 2. c4 e6 3. Nf3 b6 4. g3 Bb7 5. Bg2 Be7 6. 0-0 0-0 7. Nc3 Ne4 8. Qc2 Nxc3 9. Qxc3 c5 10. Rd1 d6 11. b3 Bf6 12. Bb2 Qe7 13. Qc2 Nc6 14. e3 Nb4 15. Qe2 Be4 16. Ne1 Bxg2 17. Kxg2 Rad8 18. a3 Na6 19. Rab1 cxd4 20. Bxd4 Bxd4 21. exd4 Nb8 22. Rbc1 Nd7 23. Nc2 Rde8 24. Nb4 Nf6 25. Qf3 Rc8 26. d5 Qd7 27. Nc6 h6 28. Qd3 Rfe8 29. b4 Ra8 30. h3 a5 31. Ra1 Rac8 32. Rdc1 Ne4 33. Rc2 f5 34. Rb1 e5 35. Rf1 axb4 36. axb4 Ra8 37. g4 g6 38. gxf5 1/2-1/2

[Event "SA-2017-0-00592"]
[Site "LSS email"]
[Date "2017.08.08"]
[Round "?"]
[White "Van Gysel, Marc"]
[Black "Chernov, Igor"]
[Result "1-0"]
[WhiteElo "2061"]
[BlackElo "2169"]
[PlyCount "35"]
[EventDate "2017.07.22"]
[EventType "tourn (corr)"]
[EventRounds "6"]
[EventCountry "GER"]
[SourceTitle "Corr 2022"]
[Source "ChessBase"]
[SourceDate "2021.10.24"]
[SourceVersion "1"]
[SourceVersionDate "2021.10.24"]
[SourceQuality "1"]

1. d4 c6 2. c4 d6 3. Nf3 Nd7 4. Nc3 h6 5. e4 g5 6. Be2 Bg7 7. Be3 Qa5 8. Qc2 Nf8 9. h4 Nf6 10. hxg5 Ng4 11. Bd2 hxg5 12. Rxh8 Bxh8 13. Qd3 Qb6 14. c5 dxc5 15. Na4 Qc7 16. Nxc5 Qd6 17. Qc4 b6 18. Nxg5 1-0

[Event "RB-2017-0-00341"]
[Site "LSS email"]
[Date "2017.07.06"]
[Round "?"]
[White "Van Gysel, Marc"]
[Black "Carroll, Patrick"]
[Result "1/2-1/2"]
[WhiteElo "2028"]
[BlackElo "1951"]
[PlyCount "73"]
[EventDate "2017.03.30"]
[EventType "tourn (corr)"]
[EventRounds "6"]
[EventCountry "GER"]
[SourceTitle "Corr 2022"]
[Source "ChessBase"]
[SourceDate "2021.10.24"]
[SourceVersion "1"]
[SourceVersionDate "2021.10.24"]
[SourceQuality "1"]

1. d4 Nf6 2. Nf3 d5 3. g3 Bf5 4. Bg2 e6 5. Nbd2 h6 6. 0-0 Nbd7 7. b3 c6 8. Bb2 Be7 9. c4 0-0 10. e3 a5 11. Ne5 a4 12. Bc3 Qc7 13. Nxd7 Qxd7 14. c5 axb3 15. axb3 Qc7 16. Qe2 b5 17. b4 Qb7 18. f3 Bc2 19. e4 Rxa1 20. Rxa1 dxe4 21. fxe4 Ra8 22. Qf1 h5 23. Bf3 Ng4 24. Qc1 Rxa1 25. Qxa1 Bg5 26. h3 Be3+ 27. Kg2 Nf6 28. e5 Nd5 29. Bxh5 Qd7 30. Bf3 Nxc3 31. Qxc3 Qxd4 32. Qxd4 Bxd4 33. Bxc6 Bc3 34. Be4 Bxd2 35. Bxc2 Bxb4 36. c6 Ba5 37. Kf3 1/2-1/2

[Event "OP-2017-0-04359"]
[Site "LSS email"]
[Date "2017.06.02"]
[Round "?"]
[White "Misericordia, Antonio"]
[Black "Van Gysel, Marc"]
[Result "1-0"]
[WhiteElo "2356"]
[BlackElo "2036"]
[PlyCount "109"]
[EventDate "2017.05.25"]
[EventType "tourn (corr)"]
[EventRounds "4"]
[EventCountry "GER"]
[SourceTitle "Corr 2022"]
[Source "ChessBase"]
[SourceDate "2021.10.24"]
[SourceVersion "1"]
[SourceVersionDate "2021.10.24"]
[SourceQuality "1"]

1. d4 Nf6 2. c4 e6 3. Nc3 d5 4. cxd5 exd5 5. Bg5 Bd6 6. Bxf6 Qxf6 7. Nxd5 Qg6 8. e3 Nd7 9. Nf3 c6 10. Nc3 0-0 11. Qd3 f5 12. g3 Nb6 13. Ne5 Qe8 14. f4 Be6 15. Qc2 Rd8 16. Bd3 c5 17. 0-0 Rc8 18. Rac1 cxd4 19. exd4 Qd8 20. Qf2 Nd5 21. Nxd5 Bxd5 22. Rxc8 Qxc8 23. b3 Qe6 24. Bc4 Rc8 25. Re1 Bb4 26. Re2 Qd6 27. Rc2 Rd8 28. Qe2 Ba5 29. Nf3 Bb6 30. Kg2 Kf8 31. Bxd5 Qxd5 32. Rc3 Re8 33. Qc4 Rd8 34. Qxd5 Rxd5 35. Rc4 Ke7 36. Kf2 h6 37. Ke3 a6 38. a4 Kd7 39. h4 h5 40. b4 Ba7 41. Rc2 Rd6 42. Kd3 Kd8 43. a5 Kd7 44. Re2 g6 45. Re1 Kd8 46. Kc4 Kd7 47. Ne5+ Kc8 48. Rd1 b5+ 49. axb6 Bxb6 50. Rd2 a5 51. d5 Bc7 52. bxa5 Bxa5 53. Rd3 Bb6 54. Kb5 Bd8 55. Nc4 1-0

[Event "RB-2017-0-00339"]
[Site "LSS email"]
[Date "2017.05.28"]
[Round "?"]
[White "Alexandre Bisquert, Francisco"]
[Black "Van Gysel, Marc"]
[Result "1/2-1/2"]
[WhiteElo "1958"]
[BlackElo "2028"]
[PlyCount "49"]
[EventDate "2017.03.03"]
[EventType "tourn (corr)"]
[EventRounds "6"]
[EventCountry "GER"]
[SourceTitle "Corr 2022"]
[Source "ChessBase"]
[SourceDate "2021.10.24"]
[SourceVersion "1"]
[SourceVersionDate "2021.10.24"]
[SourceQuality "1"]

1. d4 Nf6 2. Nf3 e6 3. c4 b6 4. g3 Ba6 5. b3 Bb4+ 6. Bd2 Be7 7. Bg2 c6 8. Bc3 d5 9. Nbd2 Nbd7 10. e4 Nxe4 11. Nxe4 dxe4 12. Ne5 Nxe5 13. dxe5 b5 14. Bxe4 0-0 15. 0-0 bxc4 16. Qe2 Qc7 17. bxc4 Rab8 18. Rad1 Rfd8 19. h4 Bc5 20. Kg2 g6 21. h5 Rxd1 22. Rxd1 Rd8 23. Rxd8+ Qxd8 24. a4 Qd7 25. a5 1/2-1/2

[Event "RB-2017-0-00339"]
[Site "LSS email"]
[Date "2017.05.28"]
[Round "?"]
[White "Van Gysel, Marc"]
[Black "Hlavacek, Ladislav"]
[Result "1-0"]
[WhiteElo "2028"]
[BlackElo "1946"]
[PlyCount "129"]
[EventDate "2017.03.03"]
[EventType "tourn (corr)"]
[EventRounds "6"]
[EventCountry "GER"]
[SourceTitle "Corr 2022"]
[Source "ChessBase"]
[SourceDate "2021.10.24"]
[SourceVersion "1"]
[SourceVersionDate "2021.10.24"]
[SourceQuality "1"]

1. d4 Nf6 2. Nf3 e6 3. c4 d5 4. e3 c5 5. Nc3 Nc6 6. cxd5 exd5 7. Bb5 Bd6 8. 0-0 0-0 9. dxc5 Bxc5 10. b3 a6 11. Bxc6 bxc6 12. Bb2 Bd6 13. Rc1 Bb7 14. Na4 Ne4 15. Nd4 Qc7 16. Qh5 Rfe8 17. Nf5 Be5 18. Bxe5 Qxe5 19. Rc2 Rad8 20. Ng3 Qxh5 21. Nxh5 d4 22. f3 Ng5 23. e4 Ne6 24. Rd1 f6 25. Ng3 a5 26. Kf2 Kf7 27. Nc5 Nxc5 28. Rxc5 Re5 29. Rc4 c5 30. f4 Re6 31. Rxc5 Bxe4 32. Rc4 Re7 33. a3 g6 34. Rcxd4 Rxd4 35. Rxd4 Bb7 36. Rd6 h5 37. h4 Rc7 38. Rd2 f5 39. Ne2 Be4 40. b4 axb4 41. axb4 Rc4 42. Rb2 Ke6 43. b5 Kd7 44. Rb3 Ke6 45. b6 Bb7 46. Re3+ Kd7 47. Rd3+ Ke7 48. Rc3 Rxc3 49. Nxc3 Kd6 50. g3 Kc5 51. Ke3 Kxb6 52. Kd4 Bf3 53. Nb1 Kc6 54. Ke5 Kc5 55. Nd2 Bg4 56. Nf1 Bd1 57. Ne3 Bb3 58. Kf6 Kd4 59. Nf1 Bc4 60. Kxg6 Be2 61. g4 hxg4 62. Ng3 Bd3 63. h5 Ke3 64. h6 Kxf4 65. h7 1-0

[Event "RB-2017-0-00339"]
[Site "LSS email"]
[Date "2017.05.28"]
[Round "?"]
[White "Van Gysel, Marc"]
[Black "Langheld, Werner"]
[Result "1/2-1/2"]
[WhiteElo "2028"]
[BlackElo "2019"]
[PlyCount "62"]
[EventDate "2017.03.03"]
[EventType "tourn (corr)"]
[EventRounds "6"]
[EventCountry "GER"]
[SourceTitle "Corr 2022"]
[Source "ChessBase"]
[SourceDate "2021.10.24"]
[SourceVersion "1"]
[SourceVersionDate "2021.10.24"]
[SourceQuality "1"]

1. d4 d5 2. Nf3 c6 3. c4 e6 4. Qc2 Nf6 5. Bg5 Nbd7 6. e3 Be7 7. Nc3 0-0 8. Rd1 h6 9. Bh4 b6 10. Bd3 Bb7 11. 0-0 Rc8 12. cxd5 cxd5 13. Qb1 Bd6 14. Nb5 Bb8 15. Bg3 Rc6 16. Bxb8 Qxb8 17. Nc3 a6 18. Rc1 e5 19. dxe5 Nxe5 20. Nd4 Rc5 21. Be2 g6 22. Rfd1 Qd6 23. h3 Rfc8 24. a3 Ne4 25. Nxe4 dxe4 26. Rxc5 Qxc5 27. b4 Qc7 28. Bf1 h5 29. Nb3 Qe7 30. Rc1 Rd8 31. Nd4 b5 1/2-1/2

[Event "RB-2017-0-00338"]
[Site "LSS email"]
[Date "2017.05.02"]
[Round "?"]
[White "Van Gysel, Marc"]
[Black "Krol, Wladyslaw"]
[Result "1-0"]
[WhiteElo "2018"]
[BlackElo "1907"]
[PlyCount "103"]
[EventDate "2017.02.03"]
[EventType "tourn (corr)"]
[EventRounds "6"]
[EventCountry "GER"]
[SourceTitle "Corr 2022"]
[Source "ChessBase"]
[SourceDate "2021.10.24"]
[SourceVersion "1"]
[SourceVersionDate "2021.10.24"]
[SourceQuality "1"]

1. d4 d5 2. Nf3 Nf6 3. c4 e6 4. Nc3 Bb4 5. Bg5 h6 6. Bxf6 Qxf6 7. e3 0-0 8. Be2 c5 9. cxd5 Bxc3+ 10. bxc3 exd5 11. 0-0 Nc6 12. dxc5 Qxc3 13. Rc1 Qb2 14. Qc2 Qxc2 15. Rxc2 Be6 16. Rb2 Rab8 17. Rc1 Rfc8 18. Nd4 Nxd4 19. exd4 Bd7 20. h3 g6 21. Rc3 Bc6 22. Rcb3 Ra8 23. f3 Rc7 24. Kf2 f5 25. Bb5 Kf7 26. Bxc6 bxc6 27. Rb7 Rac8 28. a4 a5 29. Rxc7+ Rxc7 30. h4 f4 31. g3 fxg3+ 32. Kxg3 Ke6 33. Rb8 Rf7 34. Rc8 Kd7 35. Rh8 g5 36. Rxh6 gxh4+ 37. Rxh4 Rg7+ 38. Kf2 Re7 39. Rh8 Kc7 40. Rf8 Rh7 41. Kg3 Re7 42. Kf4 Re1 43. Rf7+ Kb8 44. Rh7 Kc8 45. Kg5 Kd8 46. f4 Rd1 47. f5 Rxd4 48. Rh8+ Ke7 49. f6+ Kf7 50. Rh7+ Kf8 51. Rc7 Rd2 52. Rxc6 1-0

[Event "OP-2017-0-04295"]
[Site "LSS email"]
[Date "2017.03.08"]
[Round "?"]
[White "Castle, John"]
[Black "Van Gysel, Marc"]
[Result "1-0"]
[WhiteElo "960"]
[BlackElo "2026"]
[PlyCount "115"]
[EventDate "2017.02.28"]
[EventType "tourn (corr)"]
[EventRounds "4"]
[EventCountry "GER"]
[SourceTitle "Corr 2022"]
[Source "ChessBase"]
[SourceDate "2021.10.24"]
[SourceVersion "1"]
[SourceVersionDate "2021.10.24"]
[SourceQuality "1"]

1. e4 d5 2. exd5 Nf6 3. Bb5+ Bd7 4. Bc4 Bg4 5. f3 Bc8 6. Nc3 Nbd7 7. Nge2 Nb6 8. Bb3 Nbxd5 9. Nxd5 Nxd5 10. c4 Nf6 11. d4 e6 12. Qd3 Be7 13. Bf4 a6 14. 0-0-0 b5 15. d5 bxc4 16. Qxc4 exd5 17. Qxc7 0-0 18. Kb1 Bf5+ 19. Ka1 Rc8 20. Qb7 a5 21. Bxd5 Bd7 22. a3 Qe8 23. Ba2 Ba4 24. Rd2 Nd7 25. Nd4 Nc5 26. Qd5 Rd8 27. Qe5 Bd6 28. Qg5 h6 29. Qg3 Bxf4 30. Qxf4 Qe7 31. Nf5 Qf6 32. Rxd8 Rxd8 33. Nxh6+ Qxh6 34. Qc7 Qf6 35. Qxc5 Rd2 36. Qc8+ Kh7 37. Bb1+ g6 38. Qc1 Re2 39. h4 Qc6 40. Qxc6 Bxc6 41. Rc1 Bd7 42. Rc2 Re6 43. b4 axb4 44. axb4 Rb6 45. Rd2 Bb5 46. Kb2 Kh6 47. Ba2 Kg7 48. Kc3 Kf6 49. Rd5 Rb7 50. Bc4 Bd7 51. b5 Ke7 52. Kb4 f6 53. Rd4 Kd8 54. Kc5 Rb8 55. b6 Rc8+ 56. Kb4 Ke7 57. Bb5 Be6 58. Ba6 1-0

[Event "OP-2017-0-04295"]
[Site "LSS email"]
[Date "2017.03.08"]
[Round "?"]
[White "Pliska, Miroslav"]
[Black "Van Gysel, Marc"]
[Result "0-1"]
[WhiteElo "1148"]
[BlackElo "2026"]
[PlyCount "20"]
[EventDate "2017.02.28"]
[EventType "tourn (corr)"]
[EventRounds "4"]
[EventCountry "GER"]
[SourceTitle "Corr 2022"]
[Source "ChessBase"]
[SourceDate "2021.10.24"]
[SourceVersion "1"]
[SourceVersionDate "2021.10.24"]
[SourceQuality "1"]

1. d4 Nf6 2. Nf3 d5 3. Bg5 c5 4. e3 Ne4 5. Bh4 Qb6 6. Qc1 Nc6 7. Bd3 g5 8. Bxe4 dxe4 9. dxc5 Qa5+ 10. b4 Nxb4 0-1

[Event "LSS No Engine Cup 167 Preliminary 0"]
[Site "LSS email"]
[Date "2017.02.26"]
[Round "?"]
[White "Van Gysel, Marc"]
[Black "Verich, Oleg"]
[Result "1-0"]
[WhiteElo "1960"]
[BlackElo "1470"]
[PlyCount "53"]
[EventDate "2017.02.27"]
[EventType "tourn (corr)"]
[EventRounds "6"]
[EventCountry "GER"]
[SourceTitle "Corr 2022"]
[Source "ChessBase"]
[SourceDate "2021.10.24"]
[SourceVersion "1"]
[SourceVersionDate "2021.10.24"]
[SourceQuality "1"]

1. d4 Nf6 2. Nf3 e6 3. g3 Be7 4. Bg2 0-0 5. c4 d5 6. 0-0 c5 7. cxd5 Nxd5 8. dxc5 Bxc5 9. Qc2 Bb6 10. Na3 Bd7 11. Ng5 Nf6 12. Bxb7 h6 13. Bxa8 hxg5 14. Bxg5 Na6 15. Bg2 Qe8 16. Bxf6 gxf6 17. Nc4 Qc8 18. Qe4 f5 19. Nxb6 axb6 20. Qe3 Qc5 21. Qg5+ Kh7 22. Rfd1 Bb5 23. Qh5+ Kg7 24. a4 Bc4 25. Qg5+ Kh7 26. Rac1 Qb4 27. Rd4 1-0

[Event "LSS No Engine Cup 167 Preliminary 0"]
[Site "LSS email"]
[Date "2017.02.26"]
[Round "?"]
[White "Van Gysel, Marc"]
[Black "Vogel, Helmut"]
[Result "1-0"]
[WhiteElo "1960"]
[BlackElo "1912"]
[PlyCount "69"]
[EventDate "2017.02.27"]
[EventType "tourn (corr)"]
[EventRounds "6"]
[EventCountry "GER"]
[SourceTitle "Corr 2022"]
[Source "ChessBase"]
[SourceDate "2021.10.24"]
[SourceVersion "1"]
[SourceVersionDate "2021.10.24"]
[SourceQuality "1"]

1. d4 d5 2. Nf3 e6 3. g3 c5 4. Bg2 Nc6 5. 0-0 Be7 6. c4 Nf6 7. Nc3 0-0 8. cxd5 Nxd5 9. Nxd5 exd5 10. dxc5 Bxc5 11. Qc2 Be7 12. Be3 Be6 13. Nd4 Rc8 14. Nxe6 fxe6 15. Rac1 Bf6 16. Rfd1 Qd7 17. Qd2 Ne7 18. Bxa7 Rxc1 19. Rxc1 Ra8 20. Bc5 Rxa2 21. Ba3 Nc6 22. Qc2 Nd4 23. Qd3 b5 24. e3 b4 25. exd4 bxa3 26. bxa3 Rb2 27. Bh3 Rb6 28. Rc5 Be7 29. Rc3 Bf6 30. Qc2 Bd8 31. a4 Rd6 32. Rc8 g5 33. Bf1 Kg7 34. Bb5 Qe7 35. a5 1-0

[Event "RA-2016-0-00483"]
[Site "LSS email"]
[Date "2016.11.17"]
[Round "?"]
[White "Van Gysel, Marc"]
[Black "Koch, Christian"]
[Result "1/2-1/2"]
[WhiteElo "2006"]
[BlackElo "2262"]
[PlyCount "59"]
[EventDate "2016.10.30"]
[EventType "tourn (corr)"]
[EventRounds "6"]
[EventCountry "GER"]
[SourceTitle "Corr 2022"]
[Source "ChessBase"]
[SourceDate "2021.10.24"]
[SourceVersion "1"]
[SourceVersionDate "2021.10.24"]
[SourceQuality "1"]

1. d4 d5 2. Nf3 Nf6 3. g3 Bf5 4. Bg2 e6 5. Nbd2 h6 6. 0-0 Be7 7. c4 0-0 8. b3 a5 9. Bb2 Nbd7 10. a3 c6 11. Rc1 Qb6 12. e3 Rfd8 13. Qe2 Bg4 14. Qd3 Qa6 15. Nh4 Bh5 16. Rfe1 a4 17. b4 Ne8 18. Bf3 Bxf3 19. Nhxf3 Nb6 20. Ne5 Nxc4 21. Ndxc4 dxc4 22. Rxc4 Nd6 23. Rc2 Qxd3 24. Nxd3 f6 25. Kg2 Kf7 26. h4 g5 27. Rh1 g4 28. Rhc1 Rg8 29. Rb1 Rh8 30. Rbc1 1/2-1/2

[Event "SB-2016-0-00456"]
[Site "LSS email"]
[Date "2016.07.19"]
[Round "?"]
[White "Schubert, Steffen"]
[Black "Van Gysel, Marc"]
[Result "0-1"]
[WhiteElo "1980"]
[BlackElo "1971"]
[PlyCount "128"]
[EventDate "2016.06.10"]
[EventType "tourn (corr)"]
[EventRounds "6"]
[EventCountry "GER"]
[SourceTitle "Corr 2022"]
[Source "ChessBase"]
[SourceDate "2021.10.24"]
[SourceVersion "1"]
[SourceVersionDate "2021.10.24"]
[SourceQuality "1"]

1. e4 c5 2. Nf3 Nc6 3. d4 cxd4 4. Nxd4 Nf6 5. Nc3 d6 6. Bg5 e6 7. Qd2 a6 8. Nxc6 bxc6 9. 0-0-0 Be7 10. Bxf6 gxf6 11. Kb1 d5 12. Qe3 Rb8 13. b3 Qa5 14. h4 Rb4 15. Qg3 Kf8 16. Qf3 h5 17. g3 d4 18. Ne2 c5 19. c3 Rb6 20. cxd4 c4 21. Nc1 cxb3 22. Nxb3 Bb7 23. d5 Qa3 24. Qe3 Bc5 25. Qc3 Kg7 26. Qb2 a5 27. Qxa3 Bxa3 28. Rd4 exd5 29. exd5 Ra8 30. Ra4 Bxd5 31. Rg1 Bc5 32. Be2 Kh6 33. Rd1 Be6 34. Bd3 Bxf2 35. Rf1 Bd7 36. Rf4 Bxg3 37. Rxf6+ Rxf6 38. Rxf6+ Kg7 39. Rf1 Re8 40. Nd4 Re1+ 41. Rxe1 Bxe1 42. Nf3 Bf2 43. Be4 Kf6 44. Kb2 Ke6 45. Kc3 Kd6 46. Kd2 a4 47. Bc2 f5 48. Ke2 Bg3 49. Kd3 Kd5 50. Bd1 Be8 51. Bc2 Bb5+ 52. Ke3 f4+ 53. Kd2 Bd7 54. a3 Bf2 55. Bg6 Bc5 56. Bxh5 Bxa3 57. Kc3 Bf8 58. Bf7+ Ke4 59. Ng5+ Ke3 60. Bd5 Bg7+ 61. Kc4 Bf6 62. Nf3 Bg4 63. Ne1 Ke2 64. Nd3 f3 0-1

[Event "SB-2016-0-00456"]
[Site "LSS email"]
[Date "2016.07.19"]
[Round "?"]
[White "Van Gysel, Marc"]
[Black "Peraza Balleste, Orlando"]
[Result "1-0"]
[WhiteElo "1971"]
[BlackElo "1813"]
[PlyCount "61"]
[EventDate "2016.06.10"]
[EventType "tourn (corr)"]
[EventRounds "6"]
[EventCountry "GER"]
[SourceTitle "Corr 2022"]
[Source "ChessBase"]
[SourceDate "2021.10.24"]
[SourceVersion "1"]
[SourceVersionDate "2021.10.24"]
[SourceQuality "1"]

1. d4 Nf6 2. Nf3 g6 3. c4 c5 4. g3 cxd4 5. Nxd4 Nc6 6. Bg2 Bg7 7. 0-0 h5 8. h3 h4 9. g4 Qc7 10. Be3 Qe5 11. Nb5 Qb8 12. N1c3 a6 13. Nd4 Nxg4 14. hxg4 h3 15. Nxc6 bxc6 16. Be4 Qxb2 17. Bd4 e5 18. Rb1 Qa3 19. Rb3 Qe7 20. Be3 a5 21. Kh2 0-0 22. Na4 Ba6 23. Nb6 Rad8 24. Qd2 Qe6 25. Rg1 Rfe8 26. Rd3 Bf8 27. Bf5 Qe7 28. Nxd7 Qh4 29. Rg3 Bb4 30. Qc1 Rxd7 31. Bxd7 1-0

[Event "RB-2016-0-00319"]
[Site "LSS email"]
[Date "2016.07.11"]
[Round "?"]
[White "Benassi, Aspasio"]
[Black "Van Gysel, Marc"]
[Result "1/2-1/2"]
[WhiteElo "2050"]
[BlackElo "1978"]
[PlyCount "39"]
[EventDate "2016.04.25"]
[EventType "tourn (corr)"]
[EventRounds "6"]
[EventCountry "GER"]
[SourceTitle "Corr 2022"]
[Source "ChessBase"]
[SourceDate "2021.10.24"]
[SourceVersion "1"]
[SourceVersionDate "2021.10.24"]
[SourceQuality "1"]

1. e4 c5 2. Nf3 d6 3. d4 cxd4 4. Nxd4 Nf6 5. Nc3 a6 6. Bg5 e6 7. Qf3 Nbd7 8. Be2 Qc7 9. a4 Qc5 10. Be3 Qb4 11. 0-0-0 h5 12. Nb3 Ne5 13. Qh3 Nc6 14. Qh4 Be7 15. f3 d5 16. Qg3 h4 17. Qf2 dxe4 18. Bd2 0-0 19. g4 Bd8 20. g5 1/2-1/2

[Event "RB-2016-0-00319"]
[Site "LSS email"]
[Date "2016.07.11"]
[Round "?"]
[White "Stancl, Vladimir"]
[Black "Van Gysel, Marc"]
[Result "1-0"]
[WhiteElo "1970"]
[BlackElo "1978"]
[PlyCount "63"]
[EventDate "2016.04.25"]
[EventType "tourn (corr)"]
[EventRounds "6"]
[EventCountry "GER"]
[SourceTitle "Corr 2022"]
[Source "ChessBase"]
[SourceDate "2021.10.24"]
[SourceVersion "1"]
[SourceVersionDate "2021.10.24"]
[SourceQuality "1"]

1. d4 Nf6 2. Nf3 d5 3. c4 dxc4 4. e3 e6 5. Bxc4 a6 6. 0-0 c5 7. dxc5 Bxc5 8. Qxd8+ Kxd8 9. Nbd2 Ke7 10. Be2 Bd7 11. b3 Bb5 12. Nc4 Nbd7 13. Bb2 Rhd8 14. Nd4 Ne4 15. Rfc1 g6 16. Bd3 Bxc4 17. Bxe4 Bd5 18. Bxd5 exd5 19. Ne2 Bd6 20. Bc3 Rac8 21. Rd1 Rc5 22. Rac1 Nf6 23. f3 Ke6 24. Nd4+ Kd7 25. Kf2 Rdc8 26. Ne2 Ke6 27. h3 Nd7 28. Rd3 Ne5 29. Rd2 Nd7 30. Bb2 Rc3 31. Bxc3 Rc5 32. Rcd1 1-0